000 00329nam a2200133Ia 4500
008 220216s9999 xx 000 0 und d
245 0 _aSurprising saga of rubber industrys growth
260 _bRubber Asia 20th Anniversary Issue
300 _a73-75
650 _aNR
650 _aRubber industry
650 _aSR
942 _cJS
999 _c70027
_d70027